00496nam a22001457a 4500003000500000038001800005082000800023100002000031245011000051264003400161300002500195650003300220700004000253856005700293NUST aNusrat Nadeem a200 aKhalid Muneeba  aBioprocessing Microalgae for Its Applications in Therapeutics and Bioresource Management/cMuneeba Khalid aIslamabad;bASAB NUST;c2019. a148,p;bill;c30,cm. aPhD-Industrial Biotechnology aSupervisor:Dr.Hussnain Ahmed Janjua uhttp://10.250.8.41:8080/xmlui/handle/123456789/31995